Fantasmas en el colegio / (Registro nro. 9722)

Detalles MARC
000 -LEADER
fixed length control field 01050nam a22003377a 4500
003 - CONTROL NUMBER IDENTIFIER
control field DO-SdBNP
005 - DATE AND TIME OF LATEST TRANSACTION
control field 20180226101734.0
008 - FIXED-LENGTH DATA ELEMENTS--GENERAL INFORMATION
fixed length control field 001120s 2000 sp a ||| ||spa
016 7# - NATIONAL BIBLIOGRAPHIC AGENCY CONTROL NUMBER
Record control number
Source BPMSU
017 ## - COPYRIGHT OR LEGAL DEPOSIT NUMBER
Copyright or legal deposit number
Assigning agency
020 ## - INTERNATIONAL STANDARD BOOK NUMBER
International Standard Book Number 8422681633
035 ## - SYSTEM CONTROL NUMBER
System control number
040 ## - CATALOGING SOURCE
Original cataloging agency BPMSU
Language of cataloging spa
Transcribing agency BPMSU
Description conventions
041 1# - LANGUAGE CODE
Language code of text/sound track or separate title spa
Language code of original
080 #0 - UNIVERSAL DECIMAL CLASSIFICATION NUMBER
Universal Decimal Classification number
082 #4 - DEWEY DECIMAL CLASSIFICATION NUMBER
Classification number 833.92
Item number B848u
100 1# - MAIN ENTRY--PERSONAL NAME
Personal name Brezina, Thomas
Dates associated with a name 1963-
240 10 - UNIFORM TITLE
Uniform title <a href="Alle meine monster Spuk in der Schule.">Alle meine monster Spuk in der Schule.</a>
Language of a work Español
245 10 - TITLE STATEMENT
Title Fantasmas en el colegio /
Statement of responsibility, etc. Thomas Brezina ; ilustraciones Bernhard Förth ; traducción José Antonio Santiago-Tagle
Medium
260 ## - PUBLICATION, DISTRIBUTION, ETC. (IMPRINT)
Place of publication, distribution, etc. Barcelona :
Name of publisher, distributor, etc. Círculo de Lectores,
Date of publication, distribution, etc. 2000.
300 ## - PHYSICAL DESCRIPTION
Extent 125 p. :
Other physical details il.;
Dimensions 20 cm.
490 1# - SERIES STATEMENT
Series statement Todos mis monstruos
650 #4 - SUBJECT ADDED ENTRY--TOPICAL TERM
Topical term or geographic name as entry element CUENTOS INFANTILES ALEMANES
650 #4 - SUBJECT ADDED ENTRY--TOPICAL TERM
Topical term or geographic name as entry element LITERATURA INFANTIL ALEMANA
700 12 - ADDED ENTRY--PERSONAL NAME
Personal name Förth, Bernhard,
Relator term il.
700 1# - ADDED ENTRY--PERSONAL NAME
Personal name Santiago-Tagle,José Antonio,
Relator term tr.
830 #0 - SERIES ADDED ENTRY--UNIFORM TITLE
Uniform title Todos mis monstruos
942 ## - ADDED ENTRY ELEMENTS (KOHA)
Source of classification or shelving scheme Dewey Decimal Classification
Koha item type Libros
945 ## - LOCAL PROCESSING INFORMATION (OCLC)
a Inventariado, 2018 /LP
956 ## - LOCAL ELECTRONIC LOCATION AND ACCESS (OCLC)
Host name YLOCKWARD
Access number 10
Compression information BPMSU
Existencias
Withdrawn status Lost status Source of classification or shelving scheme Damaged status Not for loan Collection code Home library Current library Date acquired Source of acquisition Total Checkouts Full call number Barcode Date last seen Price effective from Koha item type
    Dewey Decimal Classification     Colección Juvenil General Biblioteca Pública Metropolitana Salomé Ureña Biblioteca Pública Metropolitana Salomé Ureña 04/12/2016 Fundi   833.92 B848u BPMSU16040369 04/12/2016 04/12/2016 Libros